| 000 | 00392 a2200145 4500 | ||
|---|---|---|---|
| 999 |
_c12379 _d12379 |
||
| 003 | OSt | ||
| 005 | 20240116144842.0 | ||
| 008 | 240116b ||||| |||| 00| 0 eng d | ||
| 020 | _a9781472962171 | ||
| 082 |
_a618.6 _bHAY |
||
| 100 |
_aHayes, Anya _d(Pilates teacher) |
||
| 245 | _aPostnatal pilates : a recovery and strength guide for life | ||
| 260 |
_bBloomsbury Sport _c2020 |
||
| 942 | _2ddc | ||